000 07115njm0a2200493 4500
001 RU\NLR\ONIZ\227852
005 20260406083026.0
035 _a(NLR Aleph) 012234772
071 0 0 _aС60- 09229-30
090 _a13284064
_c13284064
100 _a20200228d1977 |||y0rusy50 ca
102 _aRU
126 _aabuxexu ux
_bxxx
127 _a000040
135 _ahonoannnanndn
200 1 _aСолнечный день
_bЗвукозапись
_fА. Эшпай
210 _aМ.
_cМелодия
_d1977
215 _a1 грп.[ГОСТ 5289-73](40 мин): 33 об/мин, стерео; 30 см, в конв.
327 1 _a1-3. Солнечный день ; Интродукция ;
_aВальс : из кинофильма "Звезда экрана" / исполняет : Ансамбль " Мелодия" под управлением Г. Гараняна ;
_a4. Танцевальная пьеса / обработка Э. Исраэлова ; исполняют : Э. Исраилов, фортепиано, Эстрадный оркестр Грузии под управлением Г. Гачечиладзе ;
_a5. Облака / исполняет : В. Дворянинова, оркестр под управлением В. Терлецкого ;
_a6. Где же тут любовь / исполняют : Джаз-оркестр под управлением И. Вайнштейна, солисты: Г. Гольштейн, саксофон, К. Носов, труба ;
_a7-9. Мы шагаем ; Вечер ;
_aПолдень / исполняют : И. Назарук, фортепиано, А. Исплатовский, контрабас, М. Ковалевский, ударные
464 0 _12001#$aСолнечный день$aИнтродукция$gисполняет : Ансамбль "Мелодия", руководитель Г. Гаранян
_1686##$aЩ952.183-058.9я44(2Р=Рус)$vLBC/SL$2rubbk
_1702#1$9z01790$aГаранян$bГ. А.$gГеоргий Арамович$f1934-2010$4590$7ca
_1790#1$9z01702$aGaranjan$bG.$gGeorgij$f1934-2010$4590$7ba
_tИнтродукция
464 0 _12001#$aВальс$eиз кинофильма "Звезда экрана"$gисполняет : Ансамбль " Мелодия" под управлением Г. Гараняна
_150000$aЗвезда экрана$iВальс$bЗвукозапись$lкинофильм$rджазовый ансамбль
_1686##$aЩ952.183-058.55(2Р=Р)$vLBC/SL$2rubbk
_1702#1$9z01790$aГаранян$bГ. А.$gГеоргий Арамович$f1934-2010$4590$4wsa$7ca
_1790#1$9z01702$aGaranjan$bG.$gGeorgij$f1934-2010$4590$4wsa$7ba
_tВальс
464 0 _12001#$aТанцевальная пьеса$gобработка Э. Исраэлова$gисполняют : Э. Исраилов, фортепиано, Эстрадный оркестр Грузии под управлением Г. Гачечиладзе
_1702#1$9z01790$aГачечиладзе$bГ.$gГиви$f1938-$4250$7ca
_1702#1$9z02790$aИсраилов$gЭдуард$4030$7ca
_1790#1$9z01702$aGachechiladze$bG.$gGivi$f1938-$4250$7ba
_1790#1$9z02702$aIsrailov$bE.$gEduard$4030$7ba
_tТанцевальная пьеса
464 0 _12001#$aОблака$gисполняет : В. Дворянинова, оркестр под управлением В. Терлецкого
_16061#$aПесни эстрадные для голоса с оркестром$yРоссия$z20-21 вв.$jЗвукозапись$2nlr_sh
_1686##$aЩ943.1-041.5(2Р=Р)$vLBC/SL$2rubbk
_1702#1$9z01790$aДворянинова$bВ. П.$gВалентина Петровна$cпение$f1928-2019$4590$4vso$7ca
_1702#1$9z02790$aТерлецкий$bВ. Е.$gВладимир Евгеньевич$f1931-1998$4250$7ca
_1790#1$9z01702$aDvorjaninova$bV.$gValentina$f1928-2019$4590$4vso$7ba
_1790#1$9z02702$aTerleckij$bE.$gEugenij$f1931-1998$4250$7ba
_tОблака
464 0 _12001#$aГде же тут любовь$gисполняют : Джаз-оркестр под управлением И. Вайнштейна, солисты: Г. Гольштейн, саксофон, К. Носов, труба
_1686##$aЩ951.83-058.9(2Р=Р)$vLBC/SL$2rubbk
_1702#1$9z03790$aВайнштейн$bИ. В.$gИосиф Владимирович$f1918-2001$4250$7ca
_1702#1$aГольштейн$bГ. Л.$gГеннадий Львович$cсаксофон, флейта...$f1938-$4590$4wsa$7ca
_1702#1$9z04790$aНосов$bК. Г.$gКонстантин Георгиевич$f1938-1984$4590$7ca
_1790#1$9z03702$aWeinstein$bJ.$gJoseph$f1918-2001$4250$7ba
_1790#1$9z04702$aNosov$bK.$gKonstantin$f1938-1984$4590$7ba
_tГде же тут любовь
464 0 _12001#$aМы шагаем$aВечер$gисполняют : И. Назарук, фортепиано, А. Исплатовский, контрабас, М. Ковалевский, ударные
_16061#$aМузыка для джазового трио (аранжировки)$yСША$z20 век$jЗвукозапись$2nlr_sh
_1686##$aЩ952.183.8-058.9я44(2Р=Р)$vLBC/SL$2rubbk
_1702#1$9z03790$aНазарук$bИ. Н.$gИгорь Николаевич$cмузыкант$f1949-$4590$4kfp$7ca
_1702#1$aИсплатовский$bА. В.$gАлексей Владимирович$cконтрабас$f1946-$4590$7ca
_1702#1$9z04790$aКовалевский$bМ. И.$gМихаил Ильич$f1940-2004$4590$7ca
_1790#1$9z03702$aNazaruk$bI.$gIgor`$f1949-$4590$4kfp$7ba
_1790#1$9z04702$aKovalevskij$bM.$gMichael$f1940-2004$4590$7ba
_tВечер
464 0 _12001#$aПолдень$gисполняют : И. Назарук, фортепиано, А. Исплатовский, контрабас, М. Ковалевский, ударные
_1686##$aЩ952.183.8-058.9(2Р=Р)$vLBC/SL$2rubbk
_1702#1$9z04790$aНазарук$bИ. Н.$gИгорь Николаевич$cмузыкант$f1949-$4590$4kfp$7ca
_1702#1$9z05790$aИсплатовский$bА. В.$gАлексей Владимирович$cконтрабас$f1946-$4590$4sdb$7ca
_1702#1$aКовалевский$bМ. И.$gМихаил Ильич$f1940-2004$4590$7ca
_1790#1$9z04702$aNazaruk$bI.$gIgor`$f1949-$4590$4kfp$7ba
_1790#1$9z05702$aIsplatovskij$bA.$gAlexej$f1946-$4590$4sdb$7ba
_tПолдень
606 1 _aмузыка советских композиторов для оркестра
_xЗвукозапись
_yРоссия
_z20 в.
_2nlr_sh
686 0 _aЩ9я44(2Р=Р)
700 1 _9z01790
_aЭшпай
_bА. Я.
_f1925-2015
_gАндрей Яковлевич
_4230
_7ca
712 0 2 _a"Мелодия", ансамбль
_4590
_7ca
712 0 2 _aДжаз-оркестр п/у И. Вайнштейна
_4590
_7ba
790 1 _4230
_7ba
_8rus
_aEšpaj
_bA. J.
_f1925-2015
_gAndrej Jakovlevič
_3RU\NLR\AUTH\770277764
_92649731
801 0 _aRU
_bNLR
_c20200228
_gPSBO
801 1 _aRU
_bNLR
_c20200228
_2rusmarc
801 2 _aRU
_bNLR
_c20230516
852 _aNLR
_bМг
_j3/3312
_p37116
_t1
852 _aNLR
_bМг
_j3/3312а
_p13915
_t2
852 _aNLR
_bМг
_j3/3594
_p14799
_t3
852 _aNLR
_bМг
_j3/3594а
_p36908
_t4
942 _cREC
980 _aNB
980 _aONIZ